000 00466nam a2200157Ia 4500
005 20250923144854.0
008 008 250917s9999 xx 000 0 eng d
037 _aTextual
040 _aDSWL
_beng
_cDSWL
041 _aeng
_2eng
084 _aY1:1:5:Q6:68, K1
_qDSWL
100 _aAbrecht, Paul
_9829290
245 0 _aChurches and rapid social change
_cby Paul Abrecht
942 _cTEXL
_hY1:1:5:Q6:68, K1
999 _c1444414
_d1444414